| 000 | 00507 a2200157 i 4500 | ||
|---|---|---|---|
| 001 | 202140 | ||
| 003 | 52755 | ||
| 010 | _a0206-8001 | ||
| 090 | _a202140 | ||
| 100 | _a u||y y50 zz | ||
| 200 |
_aУкраїна _hВ. 29 _iНаука і культура __Україна. В. 29. Наука і культура |
||
| 210 |
_d1996 _aК. _c НАН України, т-ва "Знання" України |
||
| 215 |
_a272 с. __272 |
||
| 675 | _a008(477) | ||
| 942 |
_2udc _cBOOK _j008(477) _z52755 |
||
| 999 |
_c52755 _d52755 |
||